[Event "XXX Nezhmetdinov Mem"]
[Site "Kazan RUS"]
[Date "2008.06.06"]
[Round "6"]
[White "Bocharov, D."]
[Black "Aleksandrov, A."]
[Result "1-0"]
[WhiteElo "2569"]
[BlackElo "2582"]
[PlyCount "46"]
[EventDate "2008.06.01"]
[SourceDate "1999.07.01"]

1. d4 Nf6 2. c4 e6 3. Nc3 Bb4 4. Qc2 O-O 5. a3 Bxc3+ 6. Qxc3 b6 7. Bg5 Bb7 8.
e3 d6 9. Ne2 Nbd7 10. Qc2 c5 11. Rd1 Qc7 12. Nc3 cxd4 13. Rxd4 d5 14. cxd5 Nxd5
15. Bd3 N5f6 16. O-O a6 17. Nd1 h6 18. Bh4 Rac8 19. h3 Bc6 20. Qd2 Qb7 21. f3
b5 22. b4 e5 23. Rd6 a5 1-0

[Event "XII Izmailov Mem"]
[Site "Tomsk RUS"]
[Date "2008.07.02"]
[Round "8"]
[White "Bocharov, D."]
[Black "Kotsur, P."]
[Result "1-0"]
[WhiteElo "2569"]
[BlackElo "2568"]
[PlyCount "120"]
[EventDate "2008.06.25"]
[SourceDate "1999.07.01"]

1. d4 Nf6 2. c4 e6 3. Nc3 Bb4 4. Qc2 O-O 5. a3 Bxc3+ 6. Qxc3 b6 7. Bg5 Bb7 8.
e3 d6 9. Ne2 Nbd7 10. Qc2 c5 11. Rd1 cxd4 12. Nxd4 a6 13. b3 Qc7 14. Qb2 Rfe8
15. f3 Rac8 16. Be2 d5 17. O-O dxc4 18. bxc4 Nc5 19. e4 Nfd7 20. Rd2 Qe5 21.
Bh4 Na4 22. Qb4 Ndc5 23. Rdd1 Qf4 24. Bg3 Qg5 25. Bf2 Red8 26. Rc1 Rc7 27. Rb1
Rcd7 28. Nb3 a5 29. Qe1 Nd3 30. Bxd3 Rxd3 31. Bh4 Qe5 32. Bxd8 Rxd8 33. Qe3 Ba6
34. Rfd1 Rc8 35. Rbc1 h6 36. Qd4 Qxd4+ 37. Rxd4 Kf8 38. e5 Ke7 39. Rc2 f6 40.
exf6+ gxf6 41. Kf2 Nc5 42. Nxc5 Rxc5 43. Rb2 Rc6 44. Rbd2 e5 45. Rh4 Bxc4 46.
Rxh6 b5 47. Rh7+ Bf7 48. Rb2 Rb6 49. Rh8 Be8 50. h4 b4 51. axb4 axb4 52. h5 Kf7
53. h6 Bc6 54. h7 Kg7 55. Rf8 Kxh7 56. Rxf6 b3 57. Re6 Kg7 58. g4 Kf7 59. Rxe5
Bd7 60. Kg3 Be6 1-0

[Event "TCh-BIH"]
[Site "Neum BIH"]
[Date "2008.06.09"]
[Round "6"]
[White "Markus, Rob"]
[Black "Brkic, A."]
[Result "1/2-1/2"]
[WhiteElo "2557"]
[BlackElo "2521"]
[PlyCount "23"]
[EventDate "2008.06.04"]
[SourceDate "1999.07.01"]

1. d4 Nf6 2. c4 e6 3. Nc3 Bb4 4. Qc2 O-O 5. a3 Bxc3+ 6. Qxc3 b5 7. cxb5 c6 8.
Bg5 cxb5 9. e3 Bb7 10. Nf3 h6 11. Bxf6 Qxf6 12. Be2 1/2-1/2

[Event "TCh-BIH"]
[Site "Neum BIH"]
[Date "2008.06.09"]
[Round "6"]
[White "Sokolov, Iv NED"]
[Black "Drasko, M."]
[Result "1-0"]
[WhiteElo "2690"]
[BlackElo "2536"]
[PlyCount "101"]
[EventDate "2008.06.04"]
[SourceDate "1999.07.01"]

1. d4 e6 2. c4 Nf6 3. Nc3 Bb4 4. Qc2 O-O 5. Bg5 c5 6. e3 h6 7. Bh4 cxd4 8. exd4
Nc6 9. Nf3 Be7 10. a3 d5 11. c5 b6 12. Bb5 Bb7 13. b4 a6 14. Bxc6 Bxc6 15. Ne5
Rc8 16. O-O Nd7 17. Nxd7 Qxd7 18. Bxe7 Qxe7 19. Rfe1 bxc5 20. bxc5 Rb8 21. Rab1
Qc7 22. Rb4 a5 23. Rbb1 Rxb1 24. Nxb1 Re8 25. Qc3 f6 26. Nd2 e5 27. h3 e4 28.
Nf1 f5 29. Ne3 f4 30. Ng4 Rb8 31. Ne5 a4 32. Qd2 f3 33. Qf4 fxg2 34. Qg4 Be8
35. Re3 Qc8 36. Qxc8 Rxc8 37. Kxg2 Kf8 38. f3 exf3+ 39. Rxf3+ Ke7 40. Re3 Kd8
41. Rg3 Rc7 42. h4 Rb7 43. Nd3 Re7 44. Nf4 Bd7 45. Rg6 Re4 46. Nxd5 Rxh4 47.
Rd6 Ke8 48. Nb6 Bf5 49. c6 Ke7 50. Rd5 Be6 51. Re5 1-0

[Event "TCh-BIH"]
[Site "Neum BIH"]
[Date "2008.06.10"]
[Round "7"]
[White "Cvitan, O."]
[Black "Kovacevic, A."]
[Result "1/2-1/2"]
[WhiteElo "2538"]
[BlackElo "2616"]
[PlyCount "26"]
[EventDate "2008.06.04"]
[SourceDate "1999.07.01"]

1. d4 Nf6 2. c4 e6 3. Nc3 Bb4 4. Qc2 c5 5. dxc5 O-O 6. a3 Bxc5 7. Nf3 Nc6 8.
Bg5 Nd4 9. Nxd4 Bxd4 10. e3 Qa5 11. exd4 Qxg5 12. Qd2 Qxd2+ 13. Kxd2 b6 1/2-1/2

[Event "TCh-BIH"]
[Site "Neum BIH"]
[Date "2008.06.12"]
[Round "9"]
[White "Drasko, M."]
[Black "Kovacevic, A."]
[Result "1/2-1/2"]
[WhiteElo "2536"]
[BlackElo "2616"]
[PlyCount "21"]
[EventDate "2008.06.04"]
[SourceDate "1999.07.01"]

1. d4 Nf6 2. c4 e6 3. Nc3 Bb4 4. Qc2 c5 5. dxc5 O-O 6. a3 Bxc5 7. Nf3 b6 8. Bg5
Bb7 9. e3 Be7 10. Be2 d6 11. O-O 1/2-1/2

[Event "TCh-BIH"]
[Site "Neum BIH"]
[Date "2008.06.05"]
[Round "2"]
[White "Markus, Rob"]
[Black "Kovacevic, A."]
[Result "1/2-1/2"]
[WhiteElo "2557"]
[BlackElo "2616"]
[PlyCount "26"]
[EventDate "2008.06.04"]
[SourceDate "1999.07.01"]

1. d4 Nf6 2. c4 e6 3. Nc3 Bb4 4. Qc2 O-O 5. a3 Bxc3+ 6. Qxc3 b6 7. Bg5 Bb7 8.
e3 d6 9. f3 Nbd7 10. Nh3 c5 11. dxc5 bxc5 12. Be2 Qb6 13. O-O d5 1/2-1/2

[Event "TCh-BIH"]
[Site "Neum BIH"]
[Date "2008.06.05"]
[Round "2"]
[White "Drasko, M."]
[Black "Kurajica, B."]
[Result "1/2-1/2"]
[WhiteElo "2536"]
[BlackElo "2533"]
[PlyCount "23"]
[EventDate "2008.06.04"]
[SourceDate "1999.07.01"]

1. d4 Nf6 2. c4 e6 3. Nc3 Bb4 4. Qc2 O-O 5. a3 Bxc3+ 6. Qxc3 b6 7. Bg5 Bb7 8.
f3 c5 9. dxc5 bxc5 10. e3 Nc6 11. Bd3 Qa5 12. Ne2 1/2-1/2

[Event "TCh-BIH"]
[Site "Neum BIH"]
[Date "2008.06.07"]
[Round "4"]
[White "Markus, Rob"]
[Black "Kurajica, B."]
[Result "1/2-1/2"]
[WhiteElo "2557"]
[BlackElo "2533"]
[PlyCount "70"]
[EventDate "2008.06.04"]
[SourceDate "1999.07.01"]

1. d4 Nf6 2. c4 e6 3. Nc3 Bb4 4. Qc2 d6 5. a3 Bxc3+ 6. Qxc3 O-O 7. Bg5 Re8 8.
Nf3 Qe7 9. e3 e5 10. Nd2 h6 11. Bh4 exd4 12. Qxd4 Nc6 13. Qd3 Qe5 14. Nf3 Qa5+
15. Qd2 Ne4 16. Qxa5 Nxa5 17. Nd4 g5 18. Bg3 Bd7 19. Be2 a6 20. b4 c5 21. Nc2
Nb3 22. Rd1 Bf5 23. Na1 Nxa1 24. Rxa1 Rac8 25. O-O cxb4 26. axb4 Nc3 27. Bf3
Be4 28. b5 axb5 29. cxb5 Bxf3 30. gxf3 Nxb5 31. Rfb1 Rc5 32. Ra5 Nc3 33. Rxc5
dxc5 34. Rxb7 Ne2+ 35. Kf1 Nxg3+ 1/2-1/2

[Event "TCh-BIH"]
[Site "Neum BIH"]
[Date "2008.06.07"]
[Round "4"]
[White "Drasko, M."]
[Black "Brkic, A."]
[Result "1/2-1/2"]
[WhiteElo "2536"]
[BlackElo "2521"]
[PlyCount "35"]
[EventDate "2008.06.04"]
[SourceDate "1999.07.01"]

1. d4 Nf6 2. c4 e6 3. Nc3 Bb4 4. Qc2 O-O 5. a3 Bxc3+ 6. Qxc3 b5 7. cxb5 c6 8.
Bg5 cxb5 9. e3 Bb7 10. f3 h6 11. Bh4 Nc6 12. Bxf6 Qxf6 13. Nh3 Rfc8 14. Qd2 a6
15. Be2 Qd8 16. b4 Ne7 17. O-O Bd5 18. Rfc1 1/2-1/2

[Event "III President's Cup"]
[Site "Baku AZE"]
[Date "2008.05.19"]
[Round "8"]
[White "Sokolov, Iv NED"]
[Black "Ibrahimov, R."]
[Result "1-0"]
[WhiteElo "2690"]
[BlackElo "2535"]
[PlyCount "41"]
[EventDate "2008.05.12"]
[SourceDate "1999.07.01"]

1. d4 Nf6 2. c4 e6 3. Nc3 Bb4 4. Qc2 O-O 5. Bg5 c5 6. e3 cxd4 7. exd4 h6 8. Bh4
d5 9. cxd5 Qxd5 10. Bxf6 gxf6 11. Nf3 Nc6 12. Qd2 Rd8 13. Qxh6 e5 14. Bd3 e4
15. Bc2 Bf5 16. Bb3 Qd7 17. Nh4 Nxd4 18. Rd1 Bg4 19. O-O Bf8 20. Qg6+ Kh8 21.
Bxf7 1-0

[Event "FIDE GP"]
[Site "Baku AZE"]
[Date "2008.05.04"]
[Round "12"]
[White "Carlsen, M."]
[Black "Adams, Mi"]
[Result "1-0"]
[WhiteElo "2765"]
[BlackElo "2729"]
[PlyCount "112"]
[EventDate "2008.04.21"]
[SourceDate "1999.07.01"]

1. d4 Nf6 2. c4 e6 3. Nc3 Bb4 4. Qc2 d5 5. a3 Bxc3+ 6. Qxc3 Ne4 7. Qc2 c5 8.
dxc5 Nc6 9. cxd5 exd5 10. e3 Qa5+ 11. b4 Nxb4 12. axb4 Qxa1 13. Bb5+ Kf8 14.
Ne2 a6 15. Bd3 Bd7 16. f3 Ba4 17. Qb2 Qxb2 18. Bxb2 Ng5 19. Nd4 Bd7 20. Kf2 f6
21. Ra1 Ke7 22. Bc2 Rhd8 23. h4 Nf7 24. Bxh7 Rh8 25. Bc2 Rxh4 26. Bb3 Rh5 27.
Ne2 Bc6 28. Nf4 Rg5 29. b5 Bxb5 30. Nxd5+ Kf8 31. Nc7 Rd8 32. Ne6+ Ke8 33. Bd4
Bd7 34. Nxd8 Nxd8 35. Rh1 Ke7 36. e4 Ne6 37. Be3 Re5 38. Rh7 Kf8 39. Bc2 Bc6
40. f4 Bxe4 41. Rh8+ Ke7 42. Rb8 Nd8 43. fxe5 Bxc2 44. exf6+ gxf6 45. Bd4 f5
46. Be3 Kd7 47. Bg5 Ne6 48. Rxb7+ Kc8 49. Rb2 Be4 50. Be7 Nf4 51. Ra2 Kd7 52.
Bd6 Nxg2 53. Rxa6 f4 54. Ra4 Bc6 55. Ra7+ Ke6 56. Ra6 Kd5 1-0

[Event "IX EICC"]
[Site "Plovdiv BUL"]
[Date "2008.04.29"]
[Round "8"]
[White "Beliavsky, A."]
[Black "Carlsson, P."]
[Result "1-0"]
[WhiteElo "2641"]
[BlackElo "2514"]
[PlyCount "35"]
[EventDate "2008.04.21"]
[SourceDate "1999.07.01"]

1. d4 Nf6 2. c4 e6 3. Nc3 Bb4 4. Qc2 O-O 5. a3 Bxc3+ 6. Qxc3 b6 7. Bg5 d6 8.
Qf3 c6 9. e3 Bb7 10. Ne2 Nbd7 11. Nc3 h6 12. h4 Re8 13. O-O-O Rb8 14. Qg3 hxg5
15. hxg5 Nh7 16. Bd3 Ndf8 17. Bxh7+ Nxh7 18. Qh2 1-0

[Event "IX EICC"]
[Site "Plovdiv BUL"]
[Date "2008.04.30"]
[Round "9"]
[White "Erdos, V."]
[Black "Moiseenko, A1."]
[Result "1/2-1/2"]
[WhiteElo "2576"]
[BlackElo "2650"]
[PlyCount "30"]
[EventDate "2008.04.21"]
[SourceDate "1999.07.01"]

1. d4 Nf6 2. c4 e6 3. Nc3 Bb4 4. Qc2 O-O 5. a3 Bxc3+ 6. Qxc3 d6 7. f3 c5 8.
dxc5 dxc5 9. Nh3 Nc6 10. Nf2 e5 11. e3 Qe7 12. Bd3 Be6 13. O-O Rfd8 14. Bd2 a5
15. Rad1 h6 1/2-1/2

[Event "IX EICC"]
[Site "Plovdiv BUL"]
[Date "2008.05.01"]
[Round "10"]
[White "Iljin, A."]
[Black "Fedorchuk, S."]
[Result "1/2-1/2"]
[WhiteElo "2556"]
[BlackElo "2671"]
[PlyCount "49"]
[EventDate "2008.04.21"]
[SourceDate "1999.07.01"]

1. d4 Nf6 2. c4 e6 3. Nc3 Bb4 4. Qc2 O-O 5. a3 Bxc3+ 6. Qxc3 d6 7. Nf3 b6 8. g3
Bb7 9. Bg2 c5 10. O-O cxd4 11. Qxd4 Nc6 12. Qd3 d5 13. cxd5 Qxd5 14. Qxd5 Nxd5
15. Rd1 Rfd8 16. Bg5 f6 17. Bd2 Nde7 18. Be1 Kf7 19. Rdc1 Rd7 20. b4 g5 21. b5
Na5 22. Bxa5 bxa5 23. Rc4 a6 24. a4 Bd5 25. Rc5 1/2-1/2

[Event "IX EICC"]
[Site "Plovdiv BUL"]
[Date "2008.05.01"]
[Round "10"]
[White "Lysyj, I."]
[Black "Wells, P."]
[Result "1-0"]
[WhiteElo "2595"]
[BlackElo "2521"]
[PlyCount "55"]
[EventDate "2008.04.21"]
[SourceDate "1999.07.01"]

1. d4 Nf6 2. c4 e6 3. Nc3 Bb4 4. Qc2 O-O 5. a3 Bxc3+ 6. Qxc3 b6 7. Bg5 Bb7 8.
e3 d6 9. Ne2 Nbd7 10. Qd3 Ba6 11. Nc3 d5 12. Qd1 dxc4 13. Qa4 Bb7 14. Bxc4 h6
15. Bh4 Bxg2 16. Rg1 Bf3 17. Rg3 Bh5 18. Bb5 Bg6 19. Bc6 a6 20. e4 b5 21. Qd1
Qc8 22. Qf3 Rb8 23. e5 Nh5 24. Rg4 b4 25. axb4 Rb6 26. O-O-O Nb8 27. Be4 Rxb4
28. Be7 1-0

[Event "IX EICC"]
[Site "Plovdiv BUL"]
[Date "2008.04.25"]
[Round "5"]
[White "Gurevich, M."]
[Black "Savchenko, B."]
[Result "1/2-1/2"]
[WhiteElo "2611"]
[BlackElo "2569"]
[PlyCount "82"]
[EventDate "2008.04.21"]
[SourceDate "1999.07.01"]

1. d4 Nf6 2. c4 e6 3. Nc3 Bb4 4. Qc2 O-O 5. a3 Bxc3+ 6. Qxc3 b6 7. Bg5 Bb7 8.
f3 h6 9. Bh4 d5 10. e3 Nbd7 11. cxd5 Nxd5 12. Bxd8 Nxc3 13. Bh4 Nd5 14. Bf2 c5
15. Bb5 Rfd8 16. Ne2 cxd4 17. Nxd4 e5 18. Nf5 N7f6 19. O-O-O g6 20. Ng3 e4 21.
Rhe1 Nc7 22. Rxd8+ Rxd8 23. Be2 Ba6 24. Rd1 Rc8 25. Bxa6 Nxa6+ 26. Kb1 Kf8 27.
Be1 Ke7 28. Bc3 exf3 29. gxf3 Nc5 30. Ne2 Ne8 31. Nf4 g5 32. Ne2 Nd6 33. Ng3
Ke6 34. e4 g4 35. f4 Ncxe4 36. f5+ Ke7 37. Bb4 Nc5 38. Bd2 f6 39. Bxh6 Nf7 40.
Bf4 Ne5 41. Ne2 Ne4 1/2-1/2

[Event "IX EICC"]
[Site "Plovdiv BUL"]
[Date "2008.04.26"]
[Round "6"]
[White "Steingrimsson, H."]
[Black "Sargissian, G."]
[Result "1/2-1/2"]
[WhiteElo "2551"]
[BlackElo "2643"]
[PlyCount "43"]
[EventDate "2008.04.21"]
[SourceDate "1999.07.01"]

1. d4 Nf6 2. c4 e6 3. Nc3 Bb4 4. Qc2 O-O 5. a3 Bxc3+ 6. Qxc3 d6 7. Nf3 b6 8. e3
Nbd7 9. Be2 Bb7 10. O-O Ne4 11. Qc2 f5 12. b4 c5 13. Bb2 Qe7 14. Rad1 a5 15.
Qb3 axb4 16. axb4 Ndf6 17. Nd2 Nxd2 18. Rxd2 Ne4 19. Rdd1 cxd4 20. Bxd4 Qc7 21.
f3 Ng5 22. Ra1 1/2-1/2

[Event "IX EICC"]
[Site "Plovdiv BUL"]
[Date "2008.04.27"]
[Round "7"]
[White "Kharitonov, Alexandr"]
[Black "Pelletier, Y."]
[Result "1-0"]
[WhiteElo "2526"]
[BlackElo "2607"]
[PlyCount "99"]
[EventDate "2008.04.21"]
[SourceDate "1999.07.01"]

1. d4 Nf6 2. c4 e6 3. Nc3 Bb4 4. Qc2 O-O 5. a3 Bxc3+ 6. Qxc3 b6 7. Bg5 Bb7 8.
f3 d6 9. e4 c5 10. d5 Nbd7 11. Nh3 exd5 12. cxd5 Qe7 13. Be2 h6 14. Bh4 Rfe8
15. Qc2 a6 16. Rd1 Nf8 17. O-O g5 18. Bg3 Ng6 19. Bd3 Nh5 20. Be1 b5 21. Bc3
Bc8 22. Nf2 c4 23. Be2 Nhf4 24. Rfe1 Bd7 25. Bf1 Ne5 26. Qd2 h5 27. Qe3 f6 28.
g3 Nfg6 29. Bg2 Kh7 30. Kh1 Rad8 31. f4 Ng4 32. Nxg4 Bxg4 33. Rd2 gxf4 34. gxf4
f5 35. h3 Qh4 36. Qf2 Bxh3 37. Qxh4 Bxg2+ 38. Rxg2 Nxh4 39. Rg7+ Kh6 40. Reg1
Rxe4 41. Ra7 Nf3 42. Bg7+ Kh7 43. Bf6+ Kh6 44. Bxd8 Nxg1 45. Kxg1 Rd4 46. Bf6
Rxd5 47. Rxa6 Rd1+ 48. Kf2 d5 49. Ke2 Rd3 50. Rb6 1-0

[Event "TCh-RUS Major League"]
[Site "Dagomys RUS"]
[Date "2008.04.03"]
[Round "1"]
[White "Iljin, A."]
[Black "Kryvoruchko, Y."]
[Result "1/2-1/2"]
[WhiteElo "2556"]
[BlackElo "2612"]
[PlyCount "23"]
[EventDate "2008.04.02"]
[SourceDate "1999.07.01"]

1. d4 Nf6 2. c4 e6 3. Nc3 Bb4 4. Qc2 O-O 5. a3 Bxc3+ 6. Qxc3 b6 7. Bg5 Ba6 8.
e3 d6 9. Nf3 Nbd7 10. Bd3 e5 11. O-O Rc8 12. Rac1 1/2-1/2

[Event "TCh-RUS Major League"]
[Site "Dagomys RUS"]
[Date "2008.04.10"]
[Round "8"]
[White "Zakhartsov, Vi"]
[Black "Chernyshov, K."]
[Result "1/2-1/2"]
[WhiteElo "2580"]
[BlackElo "2550"]
[PlyCount "63"]
[EventDate "2008.04.02"]
[SourceDate "1999.07.01"]

1. d4 Nf6 2. c4 e6 3. Nc3 Bb4 4. Qc2 O-O 5. a3 Bxc3+ 6. Qxc3 b6 7. Nf3 Bb7 8.
e3 d6 9. Be2 Ne4 10. Qc2 Nd7 11. O-O Qe7 12. b4 f5 13. Bb2 Kh8 14. Ne1 Qh4 15.
Rd1 Ndf6 16. f3 Ng5 17. Nd3 Rae8 18. Bc3 Nf7 19. Nf4 Qh6 20. g3 g5 21. Ng2 g4
22. d5 gxf3 23. Bxf3 e5 24. Nh4 Bc8 25. Nxf5 Bxf5 26. Qxf5 Ng5 27. Qc2 Nxf3+
28. Rxf3 Nxd5 29. Rxf8+ Rxf8 30. cxd5 Qxe3+ 31. Kg2 Qf3+ 32. Kg1 1/2-1/2

[Event "TCh-FRA Top 16 Gp B"]
[Site "Montpellier FRA"]
[Date "2008.04.10"]
[Round "4"]
[White "Drasko, M."]
[Black "Chuchelov, V."]
[Result "0-1"]
[WhiteElo "2540"]
[BlackElo "2551"]
[PlyCount "116"]
[EventDate "2008.04.10"]
[SourceDate "1999.07.01"]

1. d4 Nf6 2. c4 e6 3. Nc3 Bb4 4. Qc2 c5 5. dxc5 Qc7 6. a3 Bxc5 7. Nf3 a6 8. Bg5
Be7 9. e4 d6 10. Be2 O-O 11. O-O b6 12. Rac1 Bb7 13. Rfe1 Nbd7 14. Nd2 Rac8 15.
Qd1 Rfe8 16. Bf1 Qb8 17. Bh4 Ne5 18. f4 Ng6 19. Bg3 Nd7 20. b4 Bf6 21. Nb3 Red8
22. Qd2 Qa8 23. Bd3 h6 24. Bf2 Qb8 25. Ne2 Ba8 26. Rc2 Rc7 27. Ng3 Be7 28. Nh5
Nf6 29. Nxf6+ Bxf6 30. Qe3 b5 31. g3 Rdc8 32. c5 e5 33. Rec1 d5 34. exd5 Bxd5
35. Bxg6 fxg6 36. fxe5 Bg5 37. Qd3 Qa8 38. Re1 Rd8 39. Nd4 Bh1 40. Qb3+ Kh7 41.
c6 Bd5 42. Qb2 Qc8 43. Rc5 Be7 44. Rxd5 Rxd5 45. Qb3 Qg8 46. h4 h5 47. Kg2 Rc8
48. Re4 Re8 49. e6 Rd6 50. Qc2 Bf6 51. Qc5 Rdd8 52. c7 Rc8 53. Qd6 Re7 54. Qxa6
Rcxc7 55. Nf3 Rc1 56. Bg1 Qd8 57. Bd4 Qd5 58. Bxf6 gxf6 0-1

[Event "TCh-FRA Top 16 Gp B"]
[Site "Montpellier FRA"]
[Date "2008.04.11"]
[Round "5"]
[White "Rowson, J."]
[Black "Drasko, M."]
[Result "1/2-1/2"]
[WhiteElo "2580"]
[BlackElo "2540"]
[PlyCount "79"]
[EventDate "2008.04.10"]
[SourceDate "1999.07.01"]

1. d4 e6 2. c4 Nf6 3. Nc3 Bb4 4. Qc2 O-O 5. a3 Bxc3+ 6. Qxc3 d6 7. f3 c5 8.
dxc5 dxc5 9. Bg5 Nc6 10. e3 e5 11. Bd3 h6 12. Bh4 Qa5 13. Ne2 e4 14. Bc2 Qxc3+
15. Nxc3 exf3 16. gxf3 Ne5 17. Bxf6 gxf6 18. Ke2 Nxc4 19. b3 Ne5 20. Nd5 b6 21.
Rad1 Ba6+ 22. Kf2 Rad8 23. f4 Ng4+ 24. Kf3 Rxd5 25. Rxd5 Bb7 26. e4 Bxd5 27.
exd5 f5 28. Bxf5 Nf6 29. Rg1+ Kh8 30. d6 Rd8 31. Rd1 Kg7 32. d7 Kf8 33. Rd6 Ke7
34. Rc6 Nxd7 35. Rc7 Ke8 36. Be4 Nf6 37. Bc6+ Kf8 38. Bb5 Rd4 39. Rxa7 Nd5 40.
Bc4 1/2-1/2

[Event "TCh-FRA Top 16 Gp B"]
[Site "Montpellier FRA"]
[Date "2008.04.13"]
[Round "7"]
[White "Schlosser, P."]
[Black "Feller, S."]
[Result "1/2-1/2"]
[WhiteElo "2564"]
[BlackElo "2522"]
[PlyCount "37"]
[EventDate "2008.04.10"]
[SourceDate "1999.07.01"]

1. d4 Nf6 2. c4 e6 3. Nc3 Bb4 4. Qc2 d5 5. a3 Bxc3+ 6. Qxc3 dxc4 7. Qxc4 b6 8.
Bf4 Ba6 9. Qxc7 Qxc7 10. Bxc7 Nc6 11. Nf3 Rc8 12. Bg3 Na5 13. Nd2 Rc2 14. b4
Rxd2 15. Kxd2 Nb3+ 16. Kc3 Nxa1 17. Kb2 Ne4 18. Kxa1 Nd2 19. Bf4 1/2-1/2

[Event "Gausdal Classics GMA"]
[Site "Gausdal NOR"]
[Date "2008.04.09"]
[Round "2"]
[White "Lie, K."]
[Black "Macieja, B."]
[Result "1/2-1/2"]
[WhiteElo "2558"]
[BlackElo "2599"]
[PlyCount "81"]
[EventDate "2008.04.08"]
[SourceDate "1999.07.01"]

1. d4 Nf6 2. c4 e6 3. Nc3 Bb4 4. Qc2 O-O 5. a3 Bxc3+ 6. Qxc3 b6 7. Bg5 h6 8.
Bh4 Ba6 9. e3 d6 10. Bd3 Nbd7 11. b4 c5 12. Nf3 cxd4 13. exd4 Rc8 14. Qb3 e5
15. dxe5 dxe5 16. Be2 e4 17. Nd2 Ne5 18. Rd1 g5 19. Bg3 Nd3+ 20. Bxd3 Qxd3 21.
Qxd3 exd3 22. O-O Rfe8 23. b5 Bb7 24. f3 Nd7 25. Rfe1 Nc5 26. Rxe8+ Rxe8 27.
Re1 Rxe1+ 28. Bxe1 f5 29. Bf2 Na4 30. Bd4 Kf7 31. g3 a6 32. Kf2 axb5 33. cxb5
Bc8 34. Nc4 Ke6 35. Nxb6 Nxb6 36. Bxb6 Kd5 37. Bd8 Kc4 38. Ke3 f4+ 39. gxf4
gxf4+ 40. Kd2 Bb7 41. Bc7 1/2-1/2

[Event "2nd Agzamov Memorial"]
[Site "Tashkent UZB"]
[Date "2008.03.26"]
[Round "7"]
[White "Amonatov, F."]
[Black "Kurnosov, I."]
[Result "1/2-1/2"]
[WhiteElo "2649"]
[BlackElo "2577"]
[PlyCount "33"]
[EventDate "2008.03.19"]
[SourceDate "1999.07.01"]

1. d4 Nf6 2. c4 e6 3. Nc3 Bb4 4. Qc2 d5 5. cxd5 Qxd5 6. Nf3 Qf5 7. Qxf5 exf5 8.
Bd2 c6 9. g3 Be6 10. Bg2 Nbd7 11. Ng5 Ke7 12. Nxe6 fxe6 13. a3 Bd6 14. Rc1 Nb6
15. a4 Nc4 16. b3 Nxd2 17. Kxd2 1/2-1/2

[Event "Internatonal Open"]
[Site "Sydney AUS"]
[Date "2008.03.27"]
[Round "5"]
[White "Gagunashvili, M."]
[Black "Zhang Zhong"]
[Result "1/2-1/2"]
[WhiteElo "2553"]
[BlackElo "2617"]
[PlyCount "101"]
[EventDate "2008.03.25"]
[SourceDate "1999.07.01"]

1. d4 Nf6 2. c4 e6 3. Nc3 Bb4 4. Qc2 c5 5. dxc5 Bxc5 6. Nf3 Qb6 7. e3 Qc7 8. b3
b6 9. Be2 a6 10. g4 h6 11. Rg1 Bb7 12. Bb2 Nc6 13. a3 Be7 14. h4 h5 15. g5 Ng4
16. Nd5 exd5 17. cxd5 Bc5 18. dxc6 Qxc6 19. Qc3 Bf8 20. Nd4 Qd6 21. Bxg4 hxg4
22. Rxg4 Qh2 23. Nf5 Rc8 24. Qe5+ Qxe5 25. Bxe5 Rh7 26. Rf4 Rc5 27. Nd6+ Bxd6
28. Bxd6 Rxg5 29. hxg5 Rh1+ 30. Ke2 Rxa1 31. e4 Rg1 32. Rh4 f6 33. gxf6 gxf6
34. Rh7 Bc6 35. f3 Rb1 36. b4 Rb3 37. Re7+ Kd8 38. Rf7 Kc8 39. Rxf6 Rxa3 40.
Rf8+ Kb7 41. Rb8+ Ka7 42. Rd8 Bb5+ 43. Kf2 Rd3 44. e5 Bc6 45. Rf8 a5 46. bxa5
bxa5 47. Ke2 Bb5 48. Kf2 a4 49. Rc8 a3 50. Rc2 Bc6 51. Ra2 1/2-1/2

[Event "10th WCh-University"]
[Site "Novokuznetsk RUS"]
[Date "2008.03.06"]
[Round "4"]
[White "Lysyj, I."]
[Black "Maletin, P."]
[Result "1/2-1/2"]
[WhiteElo "2593"]
[BlackElo "2573"]
[PlyCount "98"]
[EventDate "2008.03.04"]
[SourceDate "1999.07.01"]

1. d4 Nf6 2. c4 e6 3. Nc3 Bb4 4. Qc2 d5 5. a3 Bxc3+ 6. Qxc3 Ne4 7. Qc2 c5 8.
dxc5 Nc6 9. e3 Qa5+ 10. Bd2 Nxd2 11. Qxd2 dxc4 12. Qxa5 Nxa5 13. Rc1 b6 14.
cxb6 Bb7 15. bxa7 Ke7 16. Ne2 Rxa7 17. Nc3 Bd5 18. Na2 Rb7 19. Nb4 Rc8 20. f3
f5 21. Bd3 Rc5 22. Bb1 Bc6 23. O-O Ba4 24. Bc2 Be8 25. Bd3 Bb5 26. Rc3 Nc6 27.
Nxc6+ Rxc6 28. Be2 Rcb6 29. Rb1 Ba4 30. Bxc4 Rxb2 31. Rxb2 Rxb2 32. h4 h6 33.
Kh2 g5 34. hxg5 hxg5 35. Kg3 e5 36. Bd3 f4+ 37. exf4 exf4+ 38. Kh2 Bd7 39. Be4
g4 40. fxg4 Bxg4 41. Bf3 Bxf3 42. Rxf3 Ra2 43. Kh3 Ke6 44. Rxf4 Rxa3+ 45. Kh4
Ra8 46. g4 Ke5 47. Rf5+ Ke6 48. Kg5 Rg8+ 49. Kf4 Ra8 1/2-1/2

[Event "XXIV Open"]
[Site "Cappelle La Grande FRA"]
[Date "2008.02.18"]
[Round "4"]
[White "Savchenko, S."]
[Black "Kravtsiv, M."]
[Result "1/2-1/2"]
[WhiteElo "2558"]
[BlackElo "2516"]
[PlyCount "44"]
[EventDate "2008.02.16"]
[SourceDate "1999.07.01"]

1. d4 Nf6 2. c4 e6 3. Nc3 Bb4 4. Qc2 O-O 5. a3 Bxc3+ 6. Qxc3 b6 7. Bg5 Bb7 8.
f3 d5 9. e3 Nbd7 10. cxd5 exd5 11. Bd3 Re8 12. Ne2 h6 13. Bh4 c5 14. O-O Qe7
15. Bf2 Rac8 16. b4 cxd4 17. Qxd4 Ne5 18. Rac1 Nxd3 19. Qxd3 Nd7 20. Nf4 Ne5
21. Qd4 Red8 22. Rxc8 Rxc8 1/2-1/2

[Event "XXIV Open"]
[Site "Cappelle La Grande FRA"]
[Date "2008.02.20"]
[Round "6"]
[White "Kazhgaleyev, M."]
[Black "Chernyshov, K."]
[Result "0-1"]
[WhiteElo "2594"]
[BlackElo "2543"]
[PlyCount "64"]
[EventDate "2008.02.16"]
[SourceDate "1999.07.01"]

1. d4 Nf6 2. c4 e6 3. Nc3 Bb4 4. Qc2 b6 5. e4 Nc6 6. e5 Ng8 7. Nf3 Bb7 8. a3
Bxc3+ 9. Qxc3 Nce7 10. Be2 Nf5 11. O-O Nge7 12. g4 Nh6 13. h3 Nhg8 14. d5 h5
15. Bg5 hxg4 16. hxg4 exd5 17. Rfd1 Qc8 18. Nh2 c5 19. cxd5 Nxd5 20. Rxd5 Bxd5
21. Rd1 Bc6 22. Bc4 Kf8 23. Qd3 Nh6 24. Qe3 Qe8 25. Qf4 b5 26. Ba2 c4 27. Rd6
Nxg4 28. Rxc6 Nxh2 29. Rc5 Qe6 30. Qe4 Re8 31. Qg2 Qf5 32. Be3 Nf3+ 0-1

[Event "XXIV Open"]
[Site "Cappelle La Grande FRA"]
[Date "2008.02.21"]
[Round "7"]
[White "Lalic, B."]
[Black "Oleksienko, M."]
[Result "0-1"]
[WhiteElo "2507"]
[BlackElo "2590"]
[PlyCount "84"]
[EventDate "2008.02.16"]
[SourceDate "1999.07.01"]

1. d4 Nf6 2. c4 e6 3. Nc3 Bb4 4. Qc2 O-O 5. a3 Bxc3+ 6. Qxc3 b6 7. Nf3 Bb7 8.
e3 c5 9. dxc5 bxc5 10. Be2 a5 11. O-O a4 12. b4 axb3 13. Qxb3 Qc7 14. h3 Nc6
15. Bb2 Ne4 16. Qc2 f5 17. Rfd1 Ne7 18. Nd2 Ng6 19. Nxe4 fxe4 20. Qc3 e5 21.
Bh5 d6 22. Bxg6 hxg6 23. a4 Ra6 24. Qd2 Qf7 25. Rdc1 Bc8 26. a5 Be6 27. Qc2 g5
28. Ra3 g4 29. h4 Qf6 30. h5 Kh8 31. Qd2 g3 32. fxg3 Bxc4 33. g4 Bd3 34. Qe1
Qg5 35. Qg3 Ra7 36. Re1 Kg8 37. Bc3 g6 38. hxg6 Qxg6 39. Rb3 Rh7 40. Bxe5 dxe5
41. Qxe5 Qf7 42. Qg5+ Rg7 0-1

[Event "13th HIT Open A"]
[Site "Nova Gorica SLO"]
[Date "2008.02.01"]
[Round "9"]
[White "Gonda, L."]
[Black "Perunovic, Mil"]
[Result "1/2-1/2"]
[WhiteElo "2507"]
[BlackElo "2570"]
[PlyCount "68"]
[EventDate "2008.01.26"]
[SourceDate "1999.07.01"]

1. d4 Nf6 2. c4 e6 3. Nc3 Bb4 4. Qc2 O-O 5. a3 Bxc3+ 6. Qxc3 b6 7. Bg5 Bb7 8.
e3 d6 9. Ne2 Nbd7 10. Qd3 Ba6 11. Nc3 d5 12. Qc2 Bxc4 13. Bxc4 dxc4 14. Qa4 c5
15. Rd1 Qc8 16. Qxc4 cxd4 17. Qxc8 Raxc8 18. Rxd4 h6 19. Bh4 Ne5 20. Bxf6 gxf6
21. Kd1 Rc6 22. Kc2 Rfc8 23. Rhd1 Kg7 24. Kb3 a6 25. h3 Nc4 26. Rd8 R8c7 27.
R1d7 Rxd7 28. Rxd7 f5 29. a4 Ne5 30. Rd4 Rc7 31. Kc2 Nc6 32. Rh4 Kg6 33. Kd2
Rd7+ 34. Ke2 b5 1/2-1/2